Repair and srtenghten of reinforced concrete structures / (Record no. 25099)
[ view plain ]
| 000 -LEADER | |
|---|---|
| fixed length control field | 00823ntm a22002177a 4500 |
| 005 - DATE AND TIME OF LATEST TRANSACTION | |
| control field | 20170809120423.0 |
| 008 - FIXED-LENGTH DATA ELEMENTS--GENERAL INFORMATION | |
| fixed length control field | 170802s2015 xx a frb 000 0 eng d |
| 040 ## - CATALOGING SOURCE | |
| Original cataloging agency | EG-ScBUE |
| Language of cataloging | eng |
| Transcribing agency | EG-ScBUE |
| 082 04 - DEWEY DECIMAL CLASSIFICATION NUMBER | |
| Classification number | 624 |
| Item number | MEG |
| Edition number | 22 |
| 100 1# - MAIN ENTRY--PERSONAL NAME | |
| Personal name | Megahed, Ramy Ragab. |
| 245 10 - TITLE STATEMENT | |
| Title | Repair and srtenghten of reinforced concrete structures / |
| Statement of responsibility, etc | by Ramy Ragab Megahed. |
| 246 3# - VARYING FORM OF TITLE | |
| Title proper/short title | Repair and strengthen of reinforced concrete structures |
| 260 ## - PUBLICATION, DISTRIBUTION, ETC. (IMPRINT) | |
| Date of publication, distribution, etc | 2015. |
| 300 ## - PHYSICAL DESCRIPTION | |
| Extent | 1 v. : |
| Other physical details | ill. (col.) ; |
| Dimensions | 28 cm. |
| 500 ## - GENERAL NOTE | |
| General note | Dissertation submitted to the faculty of engineering,the British university in Egypt, in partial fulfilment of the requirements for the bachelor degree in civil engineering. |
| 590 ## - LOCAL NOTE (RLIN) | |
| Local note | Aishaa. |
| 650 #7 - SUBJECT ADDED ENTRY--TOPICAL TERM | |
| Source of heading or term | BUEsh |
| Topical term or geographic name as entry element | Civil Engineering |
| Form subdivision | Projects |
| 653 ## - INDEX TERM--UNCONTROLLED | |
| Resource For college | Engineering, Civil |
| Arrived date list | August2017 |
| 655 ## - INDEX TERM--GENRE/FORM | |
| Form subdivision | |
| 942 ## - ADDED ENTRY ELEMENTS (KOHA) | |
| Source of classification or shelving scheme | Dewey Decimal Classification |
| Withdrawn status | Lost status | Source of classification or shelving scheme | Damaged status | Not for loan | Home library | Current library | Shelving location | Date acquired | Total Checkouts | Full call number | Barcode | Date last seen | Koha item type |
|---|---|---|---|---|---|---|---|---|---|---|---|---|---|
| Dewey Decimal Classification | Central Library | Central Library | Second Floor | 03/08/2017 | 624 MEG | 000046268 | 15/07/2025 | Projects - Students (NB) |